| 000 | 01880cam a2200361 i 4500 | ||
|---|---|---|---|
| 001 | 5580 | ||
| 003 | OSt | ||
| 005 | 20250807110154.0 | ||
| 008 | 750116s1974 enkaf b 000 0 eng | ||
| 010 | _a 74195864 | ||
| 015 | _aGB74-25461 | ||
| 020 | _a0812008839 | ||
| 035 | _a1267944 | ||
| 040 |
_aDLC _cDLC _dDLC |
||
| 050 | 0 | 0 |
_aN6494.P6 _bW53 |
| 082 | 0 | 0 |
_a709.04 WIL _222 _b5580 |
| 100 | 1 |
_aWilson, Simon, _d1942- |
|
| 245 | 1 | 0 |
_aPop / _cSimon Wilson. |
| 260 |
_aLondon : _bThames and Hudson, _c1974. |
||
| 300 |
_a64 p., [64] p. of plates. : _bill. (chiefly col.) ; _c18 cm. |
||
| 336 |
_atext _btxt _2rdacontent |
||
| 337 |
_aunmediated _bn _2rdamedia |
||
| 338 |
_avolume _bnc _2rdacarrier |
||
| 490 | 0 | _aA dolphin art book | |
| 504 | _aIncludes bibliographical references. | ||
| 520 | _a"Pop" by Simon Wilson is a novel that explores themes of fame, obsession, and personal identity within the context of the music industry. The story is centered around a protagonist who navigates the highs and lows of being involved in the pop music scene. Through vivid characters and engaging narrative, Wilson delves into the complexities of celebrity culture, the pressures of public life, and the impact of success on personal relationships. As the protagonist encounters various challenges, the novel reflects on the darker side of fame, including the struggles with mental health and the impact of public scrutiny. Alongside the main storyline, there are insights into the music creation process and the dynamics within the industry, highlighting both the glamorous and the harsh realities of the pop world. | ||
| 650 | 0 | _aPop art. | |
| 650 | 0 |
_aBritish art _vart movements |
|
| 650 | 0 |
_aArt, Modern _y20th century. |
|
| 906 |
_a7 _bcbc _corignew _d3 _encip _f19 _gy-gencatlg |
||
| 942 |
_2ddc _cBK _n0 |
||
| 999 |
_c4098 _d4098 |
||